| Tag |
First Indicator |
Second Indicator |
Subfields |
| LEADER |
00000cam a2200000 a 4500 |
| 001 |
in00000071387 |
| 005 |
20151008062209.0 |
| 008 |
810116s1980 enk b 01000 eng d |
| 020 |
|
|
|a 0582550793
|
| 035 |
|
|
|a (OCoLC)07067288
|
| 035 |
|
|
|9 AAJ9720AM
|
| 040 |
|
|
|a GZN
|c GZN
|d TXA
|d UtOrBLW
|
| 049 |
|
|
|a TXAM
|c [387312]
|
| 090 |
|
|
|a PE1072
|b .S78
|
| 245 |
0 |
0 |
|a Studies in English linguistics for Randolph Quirk /
|c edited by Sidney Greenbaum, Geoffrey Leech & Jan Svartvik.
|
| 264 |
|
1 |
|a London ;
|a New York :
|b Longman,
|c 1980.
|
| 300 |
|
|
|a xvi, 304 pages ;
|c 23 cm.
|
| 336 |
|
|
|a text
|b txt
|2 rdacontent
|
| 337 |
|
|
|a unmediated
|b n
|2 rdamedia
|
| 338 |
|
|
|a volume
|b nc
|2 rdacarrier
|
| 504 |
|
|
|a Bibliography: pages 294-304.
|
| 650 |
|
0 |
|a English language.
|
| 700 |
1 |
|
|a Greenbaum, Sidney.
|
| 700 |
1 |
|
|a Leech, Geoffrey N.
|
| 700 |
1 |
|
|a Svartvik, Jan.
|
| 700 |
1 |
|
|a Quirk, Randolph.
|
| 999 |
|
|
|a MARS
|
| 999 |
f |
f |
|s 47e6c45d-a0b0-3d48-982c-e3aa69a602eb
|i e5133718-6c8f-370f-972f-53a54e96691a
|t 0
|
| 952 |
f |
f |
|p ric
|a Texas A&M University
|b Rellis Campus
|c Joint Library Facility
|s JLF
|d Remote Storage
|t 0
|e PE1072 .S78
|h Library of Congress classification
|i unmediated -- volume
|m A14806174545
|
| 998 |
f |
f |
|a PE1072 .S78
|t 0
|l Remote Storage
|